| 000 | 00358 a2200169 4500 | ||
|---|---|---|---|
| 001 | 70327 | ||
| 020 | _a8532255817 | ||
| 040 | _cAnchieta - Itaigara | ||
| 100 | _aStrausz, Rosa Amanda | ||
| 240 | 1 | 0 |
_aQuanta casa! _lpor |
| 245 | 1 | 0 | _aQuanta casa! |
| 300 | _a28 | ||
| 362 | 0 | _a2005 | |
| 440 | 1 | _aFTD | |
| 650 | 4 | _aLiteratura infanto-juvenil | |
| 942 | _cBK | ||
| 999 |
_c70327 _d70327 |
||